<?xml version="1.0" encoding="UTF-8"?>
<record
    xmlns:xsi="http://www.w3.org/2001/XMLSchema-instance"
    xsi:schemaLocation="http://www.loc.gov/MARC21/slim http://www.loc.gov/standards/marcxml/schema/MARC21slim.xsd"
    xmlns="http://www.loc.gov/MARC21/slim">

  <leader>00998na  a2200325   4500</leader>
  <controlfield tag="001">14544</controlfield>
  <controlfield tag="003">MIRAKIL</controlfield>
  <controlfield tag="005">20181213155015.0</controlfield>
  <controlfield tag="008">161025b        tu            000 0      </controlfield>
  <datafield tag="020" ind1=" " ind2=" ">
    <subfield code="a">9789944122580</subfield>
  </datafield>
  <datafield tag="035" ind1=" " ind2=" ">
    <subfield code="a">14544</subfield>
  </datafield>
  <datafield tag="040" ind1=" " ind2=" ">
    <subfield code="a">Milas</subfield>
    <subfield code="b">tur</subfield>
    <subfield code="c">TR-AnCHP</subfield>
  </datafield>
  <datafield tag="041" ind1=" " ind2=" ">
    <subfield code="a">tur</subfield>
  </datafield>
  <datafield tag="082" ind1=" " ind2=" ">
    <subfield code="a">337</subfield>
    <subfield code="b">A66a 2009</subfield>
  </datafield>
  <datafield tag="090" ind1=" " ind2=" ">
    <subfield code="a">337 A66a 2009</subfield>
  </datafield>
  <datafield tag="100" ind1=" " ind2=" ">
    <subfield code="a">Arrighi, Giovanni</subfield>
  </datafield>
  <datafield tag="245" ind1=" " ind2=" ">
    <subfield code="a">Adam Smith Pekin'de</subfield>
    <subfield code="b">21. Y&#xFC;zy&#x131;l&#x131;n soyk&#xFC;t&#xFC;&#x11F;&#xFC;</subfield>
    <subfield code="c">Giovanni Arrighi ; &#xE7;eviren &#x130;brahim Y&#x131;ld&#x131;z</subfield>
  </datafield>
  <datafield tag="246" ind1=" " ind2=" ">
    <subfield code="a">21. Y&#xFC;zy&#x131;l&#x131;n soyk&#xFC;t&#xFC;&#x11F;&#xFC;</subfield>
  </datafield>
  <datafield tag="260" ind1=" " ind2=" ">
    <subfield code="a">&#x130;stanbul</subfield>
    <subfield code="b">Yordam Kitap Bas&#x131;n</subfield>
    <subfield code="c">2009</subfield>
  </datafield>
  <datafield tag="300" ind1=" " ind2=" ">
    <subfield code="a">416 s.</subfield>
    <subfield code="b">grf.</subfield>
    <subfield code="c">25 sm.</subfield>
  </datafield>
  <datafield tag="490" ind1=" " ind2=" ">
    <subfield code="a">Yordam Kitap</subfield>
    <subfield code="v">64</subfield>
  </datafield>
  <datafield tag="500" ind1=" " ind2=" ">
    <subfield code="a">Eserin &#xD6;zg&#xFC;n Ad&#x131;: Adam Smith in Beijing</subfield>
  </datafield>
  <datafield tag="504" ind1=" " ind2=" ">
    <subfield code="a">Kaynak&#xE7;a (ss. 391-410) ve dizin var</subfield>
  </datafield>
  <datafield tag="650" ind1=" " ind2=" ">
    <subfield code="a">&#xC7;in</subfield>
    <subfield code="x">Ekonomik ko&#x15F;ullar</subfield>
  </datafield>
  <datafield tag="650" ind1=" " ind2=" ">
    <subfield code="a">K&#xFC;reselle&#x15F;me </subfield>
  </datafield>
  <datafield tag="650" ind1=" " ind2=" ">
    <subfield code="a">Ekonomi </subfield>
    <subfield code="x">Felsefe ve kuram</subfield>
  </datafield>
  <datafield tag="650" ind1=" " ind2=" ">
    <subfield code="a">Uluslararas&#x131; ekonomi ili&#x15F;kileri</subfield>
  </datafield>
  <datafield tag="700" ind1=" " ind2=" ">
    <subfield code="a">Y&#x131;ld&#x131;z, &#x130;brahim</subfield>
  </datafield>
  <datafield tag="942" ind1=" " ind2=" ">
    <subfield code="2">dcc</subfield>
    <subfield code="c">BKS</subfield>
  </datafield>
  <datafield tag="952" ind1=" " ind2=" ">
    <subfield code="a">0001</subfield>
    <subfield code="b">0001</subfield>
    <subfield code="d">2016-08-29</subfield>
    <subfield code="e">2</subfield>
    <subfield code="l">0</subfield>
    <subfield code="o">337 A66a 2009</subfield>
    <subfield code="p">001425</subfield>
    <subfield code="r">2016-08-29 00:00:00</subfield>
    <subfield code="v">0.00</subfield>
    <subfield code="w">2016-08-29</subfield>
    <subfield code="y">BKS</subfield>
  </datafield>
  <datafield tag="999" ind1=" " ind2=" ">
    <subfield code="c">4727</subfield>
    <subfield code="d">4727</subfield>
  </datafield>
</record>
